000 00389nam a2200133Ia 4500
005 20260328101449.0
008 260328s9999||||xx |||||||||||||| ||und||
100 _aBarahona, Luis Diego
245 0 _aArquitectura Contemporánea Costarricense :
_b Reflexiones y Proyectos /
_cLuis Diego Barahona
260 _bPujol-Marti
300 _a139 p.
650 _aARQUITECTURA REGIONAL
942 _cBK
999 _c8594
_d8594